00000000cas 2200000zi 4500
0019.957540
003CaOODSP
00520251211085147
006m     o  d f      
007cr cn ||||||||
008251121d19681975mbcmx p o    f0    0eng|d
022 |y0702-3456
040 |aCaOODSP|beng|erda|cCaOODSP
043 |an-cn-mb
0861 |aC12-53E-PDF
24500|aInterlake flyer.
264 1|aWinnipeg : |bF.R.E.D. Administration, |c[1968?-1975]
310 |aMonthly
336 |atext|btxt|2rdacontent
337 |acomputer|bc|2rdamedia
338 |aonline resource|bcr|2rdacarrier
3621 |aBegan with April 10, 1968? Ceased with: April 1975.
500 |aDigitized edition from print [produced by Innovation, Science and Economic Development Canada].
588 |aDescription based on: March 10, 1972; title from PDF caption.
588 |aLatest issue consulted: April 1975.
650 0|aRural development|zManitoba|zInterlake Region|vPeriodicals.
650 6|aDéveloppement rural|zManitoba|zInterlake, Région d'|vPériodiques.
651 0|aInterlake Region (Man.)|xEconomic conditions|vPeriodicals.
651 6|aInterlake, Région d' (Man.)|xConditions économiques|vPériodiques.
655 7|aPeriodicals|2lcgft
655 7|aPériodiques|2rvmgf
7102 |aF.R.E.D. Project (Canada), |eissuing body.